000 00668nam a2200241 i 4500
001 C2-0237660
003 PPAK
005 20180727201052.0
008 020115s2000 cau |||| ||||| | eng d
020 _a0737304901
040 _aPPAK
_beng
_cPPAK
_erda
082 0 4 _a636.70887
_223
090 0 0 _a636.70887
_bADA
_dG
100 1 _aAdams, Janine,
_eauthor
245 1 0 _a25 stupid mistakes dog owners make
264 1 _aLos Angeles :
_bLowell House ,
_c2000
300 _axii, 195 pages ;
_c23 cm
336 _2rdacontent
_atext
337 _2rdamedia
_aunmediated
338 _2rdacarrier
_avolume
650 1 0 _aDogs - Training ; Dogs - Behavior
942 _ddc
_cB
999 _c53245
_d53245